000 00500nam a2200181Ia 4500
005 20250508150859.0
008 008 250505s9999 xx 000 0 eng d
037 _aTextual
040 _aFEDL
_beng
_cFEDL
041 _aeng
_2eng
084 _a372.853 5, LAW
_qFEDL
100 _aLawrence Joseph
_9319696
245 0 _aBook of vision
260 _aLondon, UK
_bFrederick Warne and Co Ltd
_c1951
300 _a64p
942 _cTEXL
_h372.853 5, LAW
999 _c1326289
_d1326289